Normal view
MARC view
- Intercultureal education
Entry Topical Term
001 - CONTROL NUMBER
- control field: 361
003 - CONTROL NUMBER IDENTIFIER
- control field: NUST
005 - DATE AND TIME OF LATEST TRANSACTION
- control field: 20170510171833.0
008 - FIXED-LENGTH DATA ELEMENTS
- fixed length control field: 170510|| aca||aabn | a|a d
040 ## - CATALOGING SOURCE
- Original cataloging agency: NUST
- Transcribing agency: NUST
150 ## - HEADING--TOPICAL TERM
- Topical term or geographic name entry element: Intercultureal education
670 ## - SOURCE DATA FOUND
- Source citation: Work cat.: (NUST)23609: Anwar Dil 360, Intercultural Education: reminisences of U.S international university, c2004
